| 000 | 00696nam a22002297a 4500 | ||
|---|---|---|---|
| 999 |
_c1693 _d1693 |
||
| 001 | 1693 | ||
| 003 | BD-JhCC | ||
| 005 | 20171023165452.0 | ||
| 008 | 171023s2005 bg |||| |||| 000 0 ben d | ||
| 020 | _a9844124824 | ||
| 035 | _a(BD-JhCC)1693 | ||
| 040 |
_aBD-JhCC _dBD-JhCC |
||
| 041 | _aben | ||
| 082 |
_a891.443 _bKAM 2005 |
||
| 100 | _aকামাল, মোস্তফা | ||
| 245 |
_aবারুদপোড়া সন্ধ্যা / _cমোস্তফা কামাল |
||
| 260 |
_aঢাকা: _bঅনন্যা, _c২০০৫. |
||
| 300 |
_a ৭৭ পৃ. : _c২২ সেমি. |
||
| 650 | _aBengali Novel | ||
| 942 |
_2ddc _cBK |
||